00714nam a2200181 a 450000100100000000500170001000800410002702000150006804000240008308200150010724501180012226000520024030000420029270000360033470000320037095201130040299900170051500004530620201002050041.0150302s1995 dr abc 000 0 spa d a9768052341 aDO-SdBNPbspacBNPH axxxxbxxxx00aDominicana :bsensaciones y colores de la República Dominicana /ceditores ; Lorenzo Martinengo, Ellis Pérez. aSanto Domingo :bAmber Publishing House,c1995. a195 p. :bil., mapas retrs. ;c31 cm.12aMartinengo, Lorenzo,eed97332512aPérez, Ellis,eed.973326 0010718PDaPDbPDcCTd2015-03-02iLF1l0oxxxx xxxxp45306-10r2020-06-25w2020-06-25yLFPDZNo se presta c44795d44795